| 000 | 02219nam a2200469 c 4500 | ||
|---|---|---|---|
| 003 | BLK | ||
| 005 | 20240623004054.0 | ||
| 008 | 180408b bul|||||r ||||||| ||bul|| | ||
| 010 | _aKNG00054114000 | ||
| 020 |
_a954-771-091-5 _bиздат.: Кръгозор |
||
| 040 | _aBLK | ||
| 041 |
_aBUL _cBUL |
||
| 080 |
_aБългарска литература _b821.163.2 _x(092)(075.4) _z821.163.2(092)(075.4) |
||
| 080 |
_aБългарска литература _b821.163.2 _x-32.09(075.4) _z821.163.2-32.09(075.4) |
||
| 080 |
_aБългарски писател _b929 Елин Пелин _x _z929 Елин Пелин |
||
| 100 | 1 |
_aГинев, Антонио Михайлов _eпърви автор _9368446 |
|
| 700 | 1 |
_aЯнкова-Русева, Милена Христова _eсъавт. _9283092 |
|
| 700 | 1 |
_aЯнкова, Милена Христова _e* _gЯнкова-Русева, Милена Христова _9283093 |
|
| 139 |
_aГинев, Антонио Михайлов и др. _bЕ 53 |
||
| 245 | 1 | 0 |
_aЕлин Пелин _bЛит. интерпретации _cАнтонио Михайлов Гинев; съавт. Милена Христова Янкова-Русева; * Милена Христова Янкова. |
| 257 | _aBGR | ||
| 260 |
_аСофия _bКръгозор _c2005 |
||
| 300 |
_a160 с. _c21 см |
||
| 380 | _a82 | ||
| 490 | 1 |
_aУспешна матура _v6 |
|
| 500 | _aВтората авт. известна като Милена Христова Янкова . - Библиогр. с. 159. | ||
| 504 | _a159 | ||
| 600 | 0 |
_aЕлин Пелин _qСтоянов, Димитър Иванов _9363511 |
|
| 650 | 4 |
_aБългарска литература - учебни помагала _9242720 |
|
| 650 | 0 |
_aПисатели, български _9241944 |
|
| 650 | 4 |
_aЕлин Пелин _9248019 |
|
| 653 | _aбългарска литература | ||
| 653 | _aбългарски писатели | ||
| 653 | _aучебни помагала | ||
| 653 | _aЕлин Пелин | ||
| 852 | _aЦб 223931 | ||
| 856 | 4 |
_qpdf _u |
|
| 856 | 4 |
_qpdf _u |
|
| 942 |
_cKNG _n0 |
||
| 944 |
_aCR _c01.06.2005 _lCRON CRON _k |
||
| 944 |
_aED _c08.09.2010 _lф / _k |
||
| 999 |
_c50243 _d50243 |
||